000 00737nam a22002297i 4500
003 URS
005 20260224134828.0
008 240131b |||||||| |||| 00| 0 eng d
020 _a971-8905-69-3
040 _beng
_cURS
_erda
_dURS
050 1 4 _aPN 4121
_bC165
100 1 _aCanonigo, C.S.
245 1 0 _aAnother 100 selected poems for young and adults with 14 poems of Dr. Jose Rizal, selected Cebuano poems /
_cC.S. Canonigo
264 1 _aManila :
_bCKC Publications,
_c2001
264 4 _ccopyright 2001
300 _ax, 194 pages :
_billustrations ; 17 cm
336 _atext
_btxt
_2rdacontent
337 _aunmediated
_bn
_2rdamedia
338 _avolume
_bnc
_2rdacarrier
650 0 _aPhilippine poetry (English)
942 _cF
_2lcc
999 _c98872
_d98869